Ən çox Fanta içən ölkələr - Statistics

General Stats
  • This quiz has been taken 13 times
  • The average score is 4 of 10
Answer Stats
# Təxmini istehlak (ildə adambaşına litr) Cavab % Correct
5 154 liters ABŞ
100%
7 98 liters Almaniya
80%
3 155 liters Braziliya
50%
8 98 liters Norveç
40%
4 155 liters Argentina
30%
6 141 liters Çili
30%
2 272 liters Belçika
20%
10 89 liters Boliviya
10%
9 89 liters Səudiyyə Ərəbistanı
10%
1 310 liters Macarıstan
0%
No matching quizzes found
Score Distribution
Percent of People with Each Score
Percentile by Number Answered
Your Score History
You have not taken this quiz